000 01519nam a22002897a 4500
001 7220
003 FISKH
005 20250703090625.0
008 250703b cb ||||| |||| 00| 0 eng d
020 _a9781922134639
040 _aFISKH
_beng
_cFISKH
_dFISKH
050 _aHQ2018
082 _a 551.460994
100 _aBoulding, Chelsea
245 _aOceans around Australia /
_cChelsea Boulding ; Illustrated by Julie Sydenham
260 _aSydney :
_bHarbour Publishing House,
_c2015.
300 _a32 unnumbered pages :
_bcolor illustrations ;
_c26 cm
505 _aP
520 _aChildren will love following the words and pictures that tell this twisty tale, and the repetition will encourage them join in the telling. This charming variation on the much-loved classic story about the house that Jack built is sure to delight young and old. It begins with the plankton that floats in the oceans around Australia. Along comes a fish that eats the plankton, but it in turn is chased by a dolphin, and so the story continues. Children will love following the words and pictures that tell this twisty tale, and the repetition will encourage them join in the telling. Along the way, they'll see how everything and everyone is connected in this world.
521 8 _a600
_bLexile estimate
521 8 _aP
_bRaz-Plus
650 _aAustralia
_vOceans
_xMarine life
650 _aEcosystem
_xFood chain
700 _aSydenham, Julie
_eillustrator
942 _2ddc
_cBK
_n0
999 _c7220
_d7220